Central Asia in world history / (Record no. 427)
[ view plain ]
| 000 -LEADER | |
|---|---|
| fixed length control field | 02963cam a22003378a 4500 |
| 005 - DATE AND TIME OF LATEST TRANSACTION | |
| control field | 20260322212019.0 |
| 008 - FIXED-LENGTH DATA ELEMENTS--GENERAL INFORMATION | |
| fixed length control field | data |
| 010 ## - LIBRARY OF CONGRESS CONTROL NUMBER | |
| LC control number | 2010020626 |
| 020 ## - INTERNATIONAL STANDARD BOOK NUMBER | |
| International Standard Book Number | 9780195338195 (pbk.) |
| 020 ## - INTERNATIONAL STANDARD BOOK NUMBER | |
| International Standard Book Number | 9780195159479 (hardcover : alk. paper) |
| 020 ## - INTERNATIONAL STANDARD BOOK NUMBER | |
| International Standard Book Number | 0195159470 |
| 040 ## - CATALOGING SOURCE | |
| Original cataloging agency | DLC |
| Transcribing agency | DLC |
| 042 ## - AUTHENTICATION CODE | |
| Authentication code | pcc |
| 043 ## - GEOGRAPHIC AREA CODE | |
| Geographic area code | ac----- |
| 050 00 - LIBRARY OF CONGRESS CALL NUMBER | |
| Classification number | DS329.4 |
| Item number | .G598 2011 |
| 082 00 - DEWEY DECIMAL CLASSIFICATION NUMBER | |
| Classification number | 958 |
| Edition information | 22 |
| 092 ## - LOCALLY ASSIGNED DEWEY CALL NUMBER (OCLC) | |
| Classification number | 958 G598 2011 |
| 001 - CONTROL NUMBER | |
| control field | data |
| 100 1# - MAIN ENTRY--PERSONAL NAME | |
| Personal name | Golden, Peter B. |
| 245 10 - TITLE STATEMENT | |
| Title | Central Asia in world history / |
| Statement of responsibility, etc. | Peter B. Golden. |
| 260 ## - PUBLICATION, DISTRIBUTION, ETC. | |
| Place of publication, distribution, etc. | New York : |
| Name of publisher, distributor, etc. | Oxford University Press, |
| Date of publication, distribution, etc. | 2011. |
| 263 ## - PROJECTED PUBLICATION DATE | |
| Projected publication date | 1101 |
| 300 ## - PHYSICAL DESCRIPTION | |
| Extent | p. cm. |
| 505 8# - FORMATTED CONTENTS NOTE | |
| Formatted contents note | Machine generated contents note: -- Introduction: A Layering of Peoples -- Chapter 1: The Rise of Nomadism and the Oasis City-States -- Chapter 2: The Early Nomads: "Warfare is Their Business" -- Chapter 3: Heavenly Qaghans: The Türks and Their Successors -- Chapter 4: The Cities of the Silk Road and the Coming of Islam. -- Chapter 5: Crescent over the Steppe: Islam and the Turkic Peoples -- Chapter 6: The Mongol Whirlwind -- Chapter 7: The Later Chinggisids, Temür and the Timurid Renaissance -- Chapter 8: The Age of Gunpowder and the Crush of Empires -- Chapter 9: The Problems of Modernity -- Chronology -- Further Reading -- Web Sites -- Acknowledgments -- Index. |
| 520 ## - SUMMARY, ETC. | |
| Summary, etc. | "A vast region stretching roughly from the Volga River to Manchuria and the northern Chinese borderlands, Central Asia has been called the "pivot of history," a land where nomadic invaders and Silk Road traders changed the destinies of states that ringed its borders, including pre-modern Europe, the Middle East, and China. In Central Asia in World History, Peter B. Golden provides an engaging account of this important region, ranging from prehistory to the present, and focusing largely on the unique melting pot of cultures that this region has produced. Golden describes the traders who braved the heat and cold along caravan routes to link East Asia and Europe; the Mongol Empire of Genghis Khan and his successors, the largest contiguous land empire in history; the invention of gunpowder, which allowed the great sedentary empires to overcome the horse-based nomads; the power struggles of Russia and China, and later Russia and Britain, for control of the area. Finally, he discusses the region today, a key area that neighbors such geopolitical hot spots as Iran, Afghanistan, Pakistan, and China"-- |
| Assigning source | Provided by publisher. |
| 520 ## - SUMMARY, ETC. | |
| Summary, etc. | "This work traces the history of the nomadic steppe tribes and sedentary inhabitants of the oasis city-states of Central Asia from pre-history to the present. Particular focus is placed on the unique melting pot cultures that this region has produced over millennia"-- |
| Assigning source | Provided by publisher. |
| 650 #0 - SUBJECT ADDED ENTRY--TOPICAL TERM | |
| Topical term or geographic name entry element | Geopolitics |
| Geographic subdivision | Asia, Central |
| General subdivision | History. |
| 651 #0 - SUBJECT ADDED ENTRY--GEOGRAPHIC NAME | |
| Geographic name | Asia, Central |
| General subdivision | History. |
| 651 #0 - SUBJECT ADDED ENTRY--GEOGRAPHIC NAME | |
| Geographic name | Asia, Central |
| General subdivision | Civilization. |
| 651 #0 - SUBJECT ADDED ENTRY--GEOGRAPHIC NAME | |
| Geographic name | Asia, Central |
| General subdivision | Strategic aspects. |
| Withdrawn status | Lost status | Damaged status | Not for loan | Home library | Current library | Shelving location | Date acquired | Total checkouts | Full call number | Barcode | Date last seen | Price effective from | Koha item type |
|---|---|---|---|---|---|---|---|---|---|---|---|---|---|
| Franklin | Franklin | General stacks | 22/03/2026 | 958 22 | BC0010438 | 22/03/2026 | 22/03/2026 | Books |